| 000 | 01043 a2200229 4500 | ||
|---|---|---|---|
| 003 | NUST | ||
| 005 | 20221214134833.0 | ||
| 010 | _a 2001272386 | ||
| 020 | _a0710307012 | ||
| 040 | _cNust | ||
| 082 | 0 | 0 | _a306.7,KIE |
| 100 | 1 |
_aKiefer, Otto. _9104833 |
|
| 245 | 1 | 0 |
_aSexual life in ancient Rome / _cOtto Kiefer ; translated by Gilbert and Helen Highet. |
| 260 |
_aLondon ; _aNew York : _bKegan Paul International ; _aNew York : _bDistributed by Columbia University Press, _c1934 |
||
| 300 |
_axi,399 p. : _bill. ; _c23 cm. |
||
| 440 | 0 |
_aKegan Paul library of sexual life _9104834 |
|
| 505 | _aWoman in Roman Life (Page-7), The Romans and Cruelty (Page-64), Roman Religion and Philosophy in Relation To Sexual Life (Page-107), Physical Life (Page-148), Love in Roman Poetry (Page-178), Men and Woman of The Imperial Age (Page-296), The Fall of Roman and Its Causes (Page-349). | ||
| 650 | 0 |
_aSex customs _zRome. _9104835 |
|
| 651 | 0 |
_aRome _xCivilization. _9104836 |
|
| 651 | 0 |
_aRome _xMoral conditions. _9104837 |
|
| 942 |
_2ddc _cBK _k306.7,KIE |
||
| 999 |
_c184697 _d184697 |
||